000
00313nam a2200133Ia 4500
008
150201s2008 xx 000 0 und d
082
_a
612.015
_b
M08K
100
_a
KAPOOR,RK
245
_a
TB OF MEDICAL BIOCHEMISTRY
250
_a
1ST
260
_b
CBS
_a
DELHI
_c
2008
650
_a
BIOCHEMISTRY
942
_2
ddc
_c
BK
_0
14
999
_c
894
_d
894